Histories of Prostitution in Central, East Central and South Eastern Europe (Titelsatznr. 70435)
[ MARC ]
| 000 -Satzkennung | |
|---|---|
| Kontrollfeld mit fester Länge | 01977nam a22004093 4500 |
| 001 - Kontrollnummer | |
| Kontrollfeld | 1876598794 |
| 003 - Kontrollnummer Identifier | |
| Kontrollfeld | DE-627 |
| 005 - Datum und Zeit der letzten Transaktion | |
| Kontrollfeld | 20240311095133.0 |
| 007 - Feld mit fester Länge zur physischen Beschreibung - Allgemeine Information | |
| Kontrollfeld mit fester Länge | cr uuu---uuuuu |
| 008 - Feld mit fester Länge zur physischen Beschreibung - Allgemeine Angaben | |
| Kontrollfeld mit fester Länge | 231220s2023 gw |||||o 00| ||eng c |
| 020 ## - Internationale Standardbuchnummer | |
| Internationale Standardbuchnummer | 9783657790470 |
| Verknüpfung | 978-3-657-79047-0 |
| 024 3# - Anderer Standardidentifier | |
| Standardnummer oder Code | 9783657790470 |
| 035 ## - Systemkontrollnummer | |
| System-Kontrollnummer | (DE-627)1876598794 |
| 035 ## - Systemkontrollnummer | |
| System-Kontrollnummer | (DE-599)KEP099627698 |
| 035 ## - Systemkontrollnummer | |
| System-Kontrollnummer | (UTB)9783657790470 |
| 035 ## - Systemkontrollnummer | |
| System-Kontrollnummer | (EBP)099627698 |
| 040 ## - Katalogisierungsquelle | |
| Original-Katalogisierungsstelle | DE-627 |
| Katalogisierungssprache | ger |
| Übertragungsstelle | DE-627 |
| 041 ## - Sprachcode | |
| Sprachcode des Textes/der Tonspur oder des separaten Titels | eng |
| 044 ## - Ländercode der veröffentlichenden/herstellenden Stelle | |
| ISO-Ländercode | XA-DE |
| 072 #7 - Code der Sacherschließungskategorie | |
| Code der Sacherschließungskategorie | 9559 |
| Quelle | wsb |
| 245 10 - Titel | |
| Titel | Histories of Prostitution in Central, East Central and South Eastern Europe |
| Verfasserangabe etc. | heraúsgegeben von Sonja Dolinsek, Magdalena Saryusz-Wolska |
| 250 ## - Ausgabebezeichnung | |
| Ausgabebezeichnung | 2023 |
| 264 #1 - Produktion, Veröffentlichung, Distribution, Herstellung und Urheberrechtsvermerk | |
| Herstellungs-, Veröffentlichungs- Vertriebs-, Erzeugungsort | Paderborn |
| Produzent, Herausgeber, Distributor, Hersteller | Brill | Schöningh |
| Datum der Herstellung, der Veröffentlichung, des Vertriebs oder des Urheberschutzvermerks | 2023 |
| 300 ## - Physische Beschreibung | |
| Umfang | 1 Online-Ressource (278 Seiten) |
| 336 ## - Inhaltstyp | |
| Inhaltstypterm | Text |
| Inhaltstypcode | txt |
| Quelle | rdacontent |
| 337 ## - Medientyp | |
| Bezeichnung des Medientyps | Computermedien |
| Medientypcode | c |
| Quelle | rdamedia |
| 338 ## - Datenträgertyp | |
| Datenträgertypbezeichnung | Online-Ressource |
| Datenträgertypcode | cr |
| Quelle | rdacarrier |
| 500 ## - Allgemeine Fußnote | |
| Allgemeine Fußnote | E-Book / Zugriff nur im DHI-Lesesaal |
| 520 ## - Fußnote zu Zusammenfassungen usw. | |
| Fußnote zur Zusammenfassung usw. | This edited collection comprises twelve original research papers scrutinizing the historical dimensions of prostitution across 19th and 20th century Central, South, and East-Central Europe. Each contribution employs distinct methodological perspectives and diverse sources. Notably, this volume includes pioneering articles delineating nearly uncharted terrains in the history of prostitution in Europe, especially socialist Eastern European countries. The volume is intended primarily for scholars and students specializing in women's history, gender studies, and sexualities, as well as histories of crime and policing with a focus on European or Global History. |
| 650 #7 - Nebeneintragung unter einem Schlagwort - Sachschlagwort | |
| Quelle der Ansetzung oder des Terms | gnd |
| Sachschlagwort oder geografischer Name als Eintragungselement | Prostitution |
| Koha-Normdatenidentnummer | 866 |
| 651 #7 - Nebeneintragung unter einem Schlagwort - Geografischer Name | |
| Quelle der Ansetzung oder des Terms | gnd |
| Geografischer Name | Europa |
| 700 1# - Nebeneintragung - Personenname | |
| Personenname | Dolinsek, Sonja |
| Funktionsbezeichnung | HerausgeberIn |
| Funktionsbezeichnungscode | edt |
| Koha-Normdatenidentnummer | 61281 |
| 700 1# - Nebeneintragung - Personenname | |
| Personenname | Saryusz-Wolska, Magdalena |
| Funktionsbezeichnung | HerausgeberIn |
| Funktionsbezeichnungscode | edt |
| Koha-Normdatenidentnummer | 61282 |
| 856 40 - Elektronische Adresse und Zugriff | |
| URL | <a href="https://doi.org/10.30965/9783657790470">https://doi.org/10.30965/9783657790470</a> |
| OPAC-Notiz | Volltext |
| 942 ## - Zusätzliche Felder (Koha) | |
| Klassifikation oder Aufstellungssystematik | Andere/Generische Klassifikation |
| Koha-Medientyp | E-Books |
| Ausgeschieden | Verloren | Klassifikation oder Aufstellungssystematik | Beschädigt | Nicht entleihbar | Heimatbibliothek | Aufenthaltsbibliothek | Aufstellungsort | Erwerbungsdatum | Inventarnummer | Signatur | Barcode | Letzte Aktivität | Preis gültig von | Koha-Medientyp |
|---|---|---|---|---|---|---|---|---|---|---|---|---|---|---|
| Andere/Generische Klassifikation | MWN Osteuropa | MWN Osteuropa | Online-Ressource | 25/02/2024 | 24-e00292 | E-24-e00292 | 73304 | 25/02/2024 | 25/02/2024 | E-Books |